| 000 | 00608nam a2200169 i 4500 | ||
|---|---|---|---|
| 001 | 185237 | ||
| 003 | ES-MaACL | ||
| 005 | 20230906222358.0 | ||
| 008 | 160422q18781878fr a |||| | fre d | ||
| 110 | 2 |
_aLibrairie de A. Eudes. _9159395 |
|
| 245 | 1 | 0 | _aCatalogue de livres en divers genres en vente a la Librairie de A. Eudes. |
| 260 |
_a[Paris : _bA. Eudes, _cca. 1878] |
||
| 300 |
_a160 p. ; _c21 cm. |
||
| 610 | 2 | 4 |
_aLibrería de A. Eudes- _vCatálogos. _9159421 |
| 650 | 4 |
_aLibros- _vCatálogos comerciales. _9159004 |
|
| 852 |
_aES-MaACL _jT-187-F-10 _z- Enc. en un vol. facticio falto de la cub. original |
||
| 999 |
_c185237 _d185237 |
||